I left the lodge / (Record no. 20284)

MARC details
000 -LEADER
fixed length control field 00890pam a2200277 a 4500
001 - CONTROL NUMBER
control field 4802910
003 - CONTROL NUMBER IDENTIFIER
control field OSt
005 - DATE AND TIME OF LATEST TRANSACTION
control field 20211126093459.0
008 - FIXED-LENGTH DATA ELEMENTS--GENERAL INFORMATION
fixed length control field 880926s1988 ilua b 000 0 eng
010 ## - LIBRARY OF CONGRESS CONTROL NUMBER
LC control number 88031152
020 ## - INTERNATIONAL STANDARD BOOK NUMBER
International Standard Book Number 0872271277
040 ## - CATALOGING SOURCE
Original cataloging agency DLC
Transcribing agency HU
Modifying agency DLC
043 ## - GEOGRAPHIC AREA CODE
Geographic area code n-us---
050 00 - LIBRARY OF CONGRESS CALL NUMBER
Classification number HS495
Item number .B94 1988
082 00 - DEWEY DECIMAL CLASSIFICATION NUMBER
Classification number 366/.1/0973
Edition number 19
100 1# - MAIN ENTRY--PERSONAL NAME
Personal name Byers, Dale A.,
Dates associated with a name 1937-
9 (RLIN) 20679
245 10 - TITLE STATEMENT
Title I left the lodge /
Statement of responsibility, etc. Dale A. Byers.
260 ## - PUBLICATION, DISTRIBUTION, ETC.
Place of publication, distribution, etc. Schaumburg, Ill. :
Name of publisher, distributor, etc. Regular Baptist Press,
Date of publication, distribution, etc. c1988.
300 ## - PHYSICAL DESCRIPTION
Extent 126 p. :
Other physical details ill. ;
Dimensions 21 cm.
504 ## - BIBLIOGRAPHY, ETC. NOTE
Bibliography, etc. note Bibliography: p. 123-124.
610 20 - SUBJECT ADDED ENTRY--CORPORATE NAME
Corporate name or jurisdiction name as entry element Freemasons
Geographic subdivision United States.
9 (RLIN) 20680
650 #0 - SUBJECT ADDED ENTRY--TOPICAL TERM
Topical term or geographic name entry element Freemasonry
General subdivision Religious aspects
-- Christianity.
9 (RLIN) 20681
906 ## - LOCAL DATA ELEMENT F, LDF (RLIN)
a 7
b cbc
c orignew
d 1
e ocip
f 19
g y-gencatlg
942 ## - ADDED ENTRY ELEMENTS (KOHA)
Source of classification or shelving scheme Dewey Decimal Classification
Koha item type Books like text book referance book
Suppress in OPAC No
Holdings
Withdrawn status Lost status Source of classification or shelving scheme Damaged status Not for loan Home library Current library Shelving location Date acquired Total Checkouts Full call number Barcode Date last seen Copy number Price effective from Koha item type
    Dewey Decimal Classification     Social Library Social Library General Stacks 11/26/2021   366.10973/BAY SHLIB 00003174 11/26/2021 1 11/26/2021 Books like text book referance book